[Event "London Menchik Memorial Blitz op 3rd"]
[Site "London"]
[Date "2024.09.03"]
[Round "11"]
[White "Gardner, Phillip K"]
[Black "Sopocko, Austin"]
[Result "1/2-1/2"]
[WhiteElo "1777"]
[BlackElo "1787"]
[PlyCount "80"]
[EventDate "2024.09.03"]
[EventType "swiss (blitz)"]
[EventRounds "14"]
[EventCountry "ENG"]
[SourceTitle "EXT 2025"]
[Source "ChessBase"]
[SourceDate "2024.10.14"]
[SourceVersion "1"]
[SourceVersionDate "2024.10.14"]
[SourceQuality "1"]

1. e4 c5 2. c3 Nf6 3. e5 Nd5 4. d4 cxd4 5. Nf3 Nc6 6. cxd4 d6 7. Be2 g6 8. exd6 Qxd6 9. Nc3 Bg7 10. 0-0 0-0 11. Be3 h6 12. Qd2 Kh7 13. Rac1 Be6 14. Rfd1 Rac8 15. a3 a6 16. Ne4 Qd8 17. Nc5 Rc7 18. Nxe6 fxe6 19. Rc2 Nxe3 20. fxe3 Qd6 21. Kh1 Rcc8 22. Bd3 e5 23. d5 Na7 24. e4 Qd7 25. Rdc1 Rxc2 26. Rxc2 Rc8 27. h3 Rxc2 28. Qxc2 Qc8 29. Kg1 Qxc2 30. Bxc2 Nb5 31. Kf2 Nd4 32. Nxd4 exd4 33. Ke2 Kg8 34. Ba4 Kf7 35. Bd7 b6 36. a4 a5 37. b3 Kf6 38. Kd3 Ke5 39. Be6 g5 40. g3 Bf6 1/2-1/2

[Event "London Menchik Memorial Blitz op 3rd"]
[Site "London"]
[Date "2024.09.03"]
[Round "10"]
[White "Mittal, Aditya"]
[Black "Sopocko, Austin"]
[Result "1-0"]
[WhiteElo "1844"]
[BlackElo "1787"]
[PlyCount "63"]
[EventDate "2024.09.03"]
[EventType "swiss (blitz)"]
[EventRounds "14"]
[EventCountry "ENG"]
[SourceTitle "EXT 2025"]
[Source "ChessBase"]
[SourceDate "2024.10.14"]
[SourceVersion "1"]
[SourceVersionDate "2024.10.14"]
[SourceQuality "1"]

1. e4 c5 2. c3 Nf6 3. e5 Nd5 4. Nf3 Nc6 5. Bc4 Nb6 6. Bb3 d6 7. exd6 Qxd6 8. d4 cxd4 9. cxd4 g6 10. 0-0 Bg7 11. d5 Na5 12. Nc3 Nxb3 13. Qxb3 0-0 14. Rd1 Bg4 15. Be3 Bxf3 16. gxf3 Nd7 17. Ne4 Qb8 18. f4 a5 19. Rac1 a4 20. Qb4 Nf6 21. Qxe7 Nxe4 22. Qxe4 Bxb2 23. Rb1 Bg7 24. d6 b5 25. Qd5 b4 26. Bc5 Bc3 27. d7 Rd8 28. Be7 Qc7 29. Bxd8 Rxd8 30. Rd3 Qxf4 31. Rbd1 Qg4+ 32. Kh1 1-0

[Event "London Menchik Memorial Blitz op 3rd"]
[Site "London"]
[Date "2024.09.03"]
[Round "9"]
[White "Sopocko, Austin"]
[Black "Mittal, Aditya"]
[Result "0-1"]
[WhiteElo "1787"]
[BlackElo "1844"]
[PlyCount "73"]
[EventDate "2024.09.03"]
[EventType "swiss (blitz)"]
[EventRounds "14"]
[EventCountry "ENG"]
[SourceTitle "EXT 2025"]
[Source "ChessBase"]
[SourceDate "2024.10.14"]
[SourceVersion "1"]
[SourceVersionDate "2024.10.14"]
[SourceQuality "1"]

1. c4 Nf6 2. Nc3 c5 3. g3 d5 4. cxd5 Nxd5 5. Bg2 Nc7 6. Nf3 Nc6 7. 0-0 e5 8. d3 Be7 9. Be3 0-0 10. Rc1 Rb8 11. Ne4 b6 12. Qd2 Be6 13. a3 f6 14. b4 Nd4 15. Bxd4 cxd4 16. Qb2 a5 17. Rfd1 Nd5 18. Rc2 axb4 19. axb4 Nxb4 20. Rcc1 Ra8 21. Ra1 Rxa1 22. Rxa1 Qd7 23. Ned2 Rc8 24. Rc1 Rxc1+ 25. Qxc1 Qc8 26. Qb2 Qc2 27. Qa3 Qd1+ 28. Nf1 Kf7 29. Qa7 b5 30. Qb6 Qa4 31. h3 Qa6 32. Qb8 Nd5 33. N1d2 Nc3 34. Ne4 Qa1+ 35. Kh2 Nxe2 36. Qc7 Qa3 37. h4 0-1

[Event "London Menchik Memorial Blitz op 3rd"]
[Site "London"]
[Date "2024.09.03"]
[Round "7"]
[White "Yuan, David2"]
[Black "Sopocko, Austin"]
[Result "1-0"]
[WhiteElo "1715"]
[BlackElo "1787"]
[PlyCount "59"]
[EventDate "2024.09.03"]
[EventType "swiss (blitz)"]
[EventRounds "14"]
[EventCountry "ENG"]
[SourceTitle "EXT 2025"]
[Source "ChessBase"]
[SourceDate "2024.10.14"]
[SourceVersion "1"]
[SourceVersionDate "2024.10.14"]
[SourceQuality "1"]

1. d4 Nf6 2. c4 e6 3. Nc3 Bb4 4. e3 0-0 5. Bd2 c5 6. Bd3 b6 7. Qf3 Nc6 8. Nge2 Bb7 9. Qg3 d5 10. 0-0-0 dxc4 11. Bxc4 Bxc3 12. Bxc3 Ne4 13. Qf4 Nxc3 14. Nxc3 Qe7 15. d5 Nb4 16. dxe6 fxe6 17. Qe5 Rxf2 18. Qxe6+ Qxe6 19. Bxe6+ Kh8 20. Rhg1 Rxg2 21. Rxg2 Bxg2 22. Rg1 Bc6 23. a3 Nd3+ 24. Kc2 Ne5 25. Ne2 Re8 26. Bb3 Nf3 27. Rg3 h6 28. Nf4 Rxe3 29. Ng6+ Kh7 30. Kc1 1-0